Príprava mnohovláknitých ohybných Nb3Sn supravodivých vodičov vhodných pre aplikácie v jednosmerných magnetických systémoch : Kand.diz.práca : V.odb. 36-01-9 : Obh. 18.05.1989 : Projekt III-6-4/02 /

Salvato in:
Dettagli Bibliografici
Autore principale: Kováč, Pavol (Autore)
Altri autori: Vrbenská, Jaroslava (Relatore della tesi)
Natura: Manoscritto Libro
Pubblicazione: Bratislava : SVŠT v Bratislave EF, 1988
Soggetti:
Tags: Aggiungi Tag
Nessun Tag, puoi essere il primo ad aggiungerne!!

MARC

LEADER 00000ntm a22000003a 4500
001 stu4358
005 20150617225809.8
008 ------s1988----------------------------d
040 |a STU  |b slo 
041 0
100 1 |a Kováč, Pavol  |4 aut 
245 1 |a Príprava mnohovláknitých ohybných Nb3Sn supravodivých vodičov vhodných pre aplikácie v jednosmerných magnetických systémoch :  |b Kand.diz.práca : V.odb. 36-01-9 : Obh. 18.05.1989 : Projekt III-6-4/02 /  |c [aut.] Kováč,Pavol, Ing.; Škol. Vrbenská,Jaroslava 
260 |a Bratislava :  |b SVŠT v Bratislave EF,  |c 1988 
300 |a 89 s :  |b príl +  |c Autoref.1988, 14 s 
650 7 |a elektrotechnológia  |2 stusub 
650 7 |a supravodiče  |2 stusub 
700 1 |a Vrbenská, Jaroslava  |4 ths 
996 |b 284ED00495  |c E*KDIZ-583  |l EE01  |s A  |a 24  |w stu4358_0001